Trh služieb a jeho ochrana
Na minha lista:
| Autor principal: | |
|---|---|
| Autor Corporativo: | |
| Formato: | Livro |
| Idioma: | eslovaco |
| Publicado em: |
Bratislava
Vydavateľstvo EKONÓM
1999
|
| Assuntos: | |
| Tags: |
Sem tags, seja o primeiro a adicionar uma tag!
|
MARC
| LEADER | 00000nam a2200000 4500 | ||
|---|---|---|---|
| 001 | c113714 | ||
| 005 | 20221123133629.9 | ||
| 020 | |a 80-225-1154-4 | ||
| 041 | 0 | |a slo | |
| 044 | |a SK | ||
| 245 | 1 | 0 | |a Trh služieb a jeho ochrana |c Darina Eliašová |
| 264 | 1 | |a Bratislava |b Vydavateľstvo EKONÓM |c 1999 | |
| 300 | |a 265 s. | ||
| 610 | 2 | 0 | |a služby |
| 610 | 2 | 0 | |a trh |
| 610 | 2 | 0 | |a ochrana spotrebiteľa |
| 610 | 2 | 0 | |a ubytovanie |
| 610 | 2 | 0 | |a stravovanie spoločné |
| 610 | 2 | 0 | |a podnikatelia |
| 610 | 2 | 0 | |a doprava |
| 610 | 2 | 0 | |a spoje |
| 610 | 2 | 0 | |a banky |
| 610 | 2 | 0 | |a poistenie |
| 610 | 2 | 0 | |a ochrana sociálna |
| 610 | 2 | 0 | |a zabezpečenie sociálne |
| 610 | 2 | 0 | |a vzdelávanie |
| 610 | 2 | 0 | |a ochrana zdravia |
| 610 | 2 | 0 | |a ochrana prostredia životného |
| 610 | 2 | 0 | |a ruch cestovný |
| 610 | 2 | 0 | |a poistenie cestovné |
| 610 | 2 | 0 | |a kultúra |
| 610 | 2 | 0 | |a ochrana autorstva |
| 610 | 2 | 0 | |a rekreácia |
| 610 | 2 | 0 | |a šport |
| 100 | 1 | |a Eliašová, Darina | |
| 710 | 2 | |a Ekonomická univerzita v Bratislave. Obchodná fakulta | |